000 00884nam a2200241Ia 4500
003 OSt
005 20220930204140.0
006 a|||||r|||| 00| 0
007 ta
008 220926b |||||||| |||| 00| 0 eng d
024 _a81420
037 _cDissertations
040 _aCRL
_cCRL
_beng
041 _2eng
_aeng
100 _aGambhir Sudha
110 _aUniversity of Delhi. Faculty of Arts. Department of Library and Information Science
_9519370
245 0 _aUnion catalogue of books published prior to 1920 in the field of Social Sciences (History, Political Science and Economics) in Hindu College library and St. Stephens College library
260 _c1977
650 _aLIBRARY SCIENCE
700 _aUniversity of Delhi. Faculty of Arts. Department of Library and Information Science
_9519372
942 _cDIS
_2CC
999 _c905647
_d905647